Dopasuj postać historyczną do miejsca urodzenia - Statystyki

Ogólne statystyki
  • Ten quiz został rozwiązany 14 razy
  • Średni wynik to 4 z 15
Statystyki odpowiedzi
Hint Odpowiedź % Poprawnych
Fryderyk Chopin Żelazowa Wola
93%
Karol Wojtyła Wadowice
79%
Lech Wałęsa Popowo
43%
Henryk Sienkiewicz Wola Okrzejska
43%
Jan Kochanowski Sycyna
29%
Józef Piłsudski Zułowo
29%
Eugeniusz Kwiatkowski Kraków
21%
Bolesław Bierut Lublin, Rury
21%
Maria Konopnicka Suwałki
14%
Eliza Orzeszkowa Milkowszczyzna
7%
Stefan Żeromski Strawczyn
7%
Czesław Miłosz Szetejnie
7%
Roman Dmowski Warszawa, Kamionek
7%
Hipolit Cegielski Ławki
0%
Michał Drzymała Zdrój
0%
Nie znaleziono quizów pasujących do podanych kryteriów
Rozkład punktacji
Procent ludzi z każdym wynikiem
Percentyl według liczby udzielonych odpowiedzi
Twoja historia wyników
Nie rozwiązałeś tego quizu